[Event "American Continental-ch 2018"]
[Site "Montevideo"]
[Date "2018.06.03"]
[Round "4"]
[White "Salinas Herrera, Pablo"]
[Black "Teixeira, Ricardo da Silva"]
[Result "0-1"]
[WhiteElo "2463"]
[BlackElo "2235"]
[Annotator "TA"]
[PlyCount "126"]
[EventDate "2018.??.??"]
[EventType "swiss"]
[EventCountry "URU"]
[SourceTitle "playchess.com"]
[Source "ChessBase"]
[SourceQuality "1"]

{[%evp 9,126,35,43,9,20,-6,-3,-6,0,-13,-11,-24,-22,-21,-26,-23,0,0,0,0,1,2,8,-5,-12,-26,-8,-33,-8,-8,0,0,0,-14,-9,-10,0,0,0,-8,-8,-20,-14,-11,-8,-18,-29,-56,-47,-47,-45,-63,-54,-48,-51,-56,-50,-109,-91,-92,-94,-107,-107,-107,-56,-61,0,-37,-37,-43,-43,-43,-43,-43,-43,-71,-43,-54,-37,-43,-39,-102,-106,-109,-110,-95,-95,-95,-95,-272,-228,-335,-350,-887,-855,-982,-941,-938,-897,-1168,-1172,-1163,-1162,-1139,-1100,-1181,-1057,-2184,-1902,-1802,-1613,-29973,-5904,-1849,-1572,-29990,-29991,-29991,-29992]} 1. d4 e6 2. e4 d5 3. Nc3 Bb4 4. Nge2 b6 (4... dxe4 5. a3 Be7 6. Nxe4 Nf6 7. Nxf6+ Bxf6 8. Be3 O-O 9. Qd2 b6 10. O-O-O Bb7 11. h4 Nd7 12. Nf4 Be7 13. h5 Nf6 14. f3 Qc8 15. Qf2 Rd8 {0-1 (33) Jobava,B (2703)-Ivanchuk,V (2757) Leuven 2017}) 5. a3 Be7 {LiveBook: 4 Partien} 6. exd5 {C15: Französische Verteidigung (Nimzowitsch-Variante)} exd5 7. g3 $146 ({Vorgänger:} 7. Nf4 Nf6 8. h3 c6 9. Bd3 Ba6 10. O-O O-O 11. Re1 Re8 12. Qf3 Bxd3 13. Nxd3 {½-½ (43) Lazovic,G (2310)-Zaja,I (2440) Medulin 1997}) 7... Nf6 8. Bg2 {Die Stellung ist ausgeglichen.} c6 9. h3 O-O 10. O-O a5 11. Nf4 Nbd7 12. Nd3 Bd6 13. Bf4 Bxf4 14. Nxf4 Ba6 15. Re1 Qc7 16. b4 b5 17. Nb1 a4 18. Qf3 Rae8 19. Nd2 Bc8 20. Qc3 Qd6 21. Nd3 Nb6 22. Ne5 Bb7 23. Re2 Re7 24. Qc5 Nc8 25. Rae1 Rfe8 26. Bf3 Qc7 27. Kg2 Nd6 28. Qc3 {[#]} Nfe4 $1 {[%mdl 512]} 29. Bxe4 (29. Nxe4 dxe4) 29... dxe4 30. Qc5 ({Jedoch nicht} 30. Nxe4 $2 Nxe4 31. Rxe4 c5 $19) 30... f6 $36 {[%mdl 2048] Schwarz hat Initiative.} 31. Ng4 Qd7 32. Ne3 Bc8 33. Qh5 (33. Kg1 $15) 33... Nf7 34. c3 f5 35. Kg1 g6 36. Qh4 Re6 (36... h5 $17 37. Kh2 Qd6) 37. Qf4 $1 $15 R6e7 ({Besser ist} 37... Rf8 $15) 38. g4 Qd6 39. Qxd6 Nxd6 40. gxf5 gxf5 41. Ng2 $1 Be6 42. Nf4 Kf7 43. Kh2 Bd5 44. Re3 $1 Rg8 45. Ra1 ({Lieber} 45. Rg1 $1 $15) 45... Ree8 $17 46. Nf1 Nc4 47. Re2 Kf6 48. Ne3 Bf7 49. Nxc4 $2 (49. Rc2 $17) 49... Bxc4 $19 50. Re3 (50. Ree1 {war nötig.}) 50... Kg5 51. Kg3 $2 {[#]} (51. Ng2 f4 52. Ree1) 51... h5 $1 52. h4+ Kh6+ 53. Kh2 Rg4 $1 {[%csl LRf4,LRh4]} 54. Nh3 f4 {[%cal Bf5f4,Bf4e3,Be3e2][%mdl 32]} 55. f3 fxe3 56. fxg4 {[%mdl 4096] Endspiel [#] KTL-KTS} Rf8 $1 57. g5+ Kg6 58. Kg3 Rf3+ 59. Kg2 e2 60. Nf2 Rf4 (60... Rf5 $142 61. d5 e3 62. Nh3 Rf1 63. Rb1 Rxb1 64. Nf4+ Kg7 65. Nxh5+ Kh7 66. g6+ Kh6 67. Ng3 e1=Q 68. Kf3 Qf2+ 69. Ke4 Qxg3 70. g7 Kxg7 71. h5 cxd5+ 72. Kf5 Kf7 73. h6 Rf1#) 61. Kg3 Kf5 {( -> ...e3)} 62. Kg2 e3 63. Nh1 Bd5+ {Precision: Weiß = 39%, Schwarz = 71%.} 0-1

[Event "American Continental-ch 2018"]
[Site "Montevideo"]
[Date "2018.06.03"]
[Round "4"]
[White "Tristan, Leonardo"]
[Black "Borges, Guilherme Deola"]
[Result "1-0"]
[WhiteElo "2459"]
[BlackElo "2219"]
[Annotator "TA"]
[PlyCount "113"]
[EventDate "2018.??.??"]
[EventType "swiss"]
[EventCountry "URU"]
[SourceTitle "playchess.com"]
[Source "ChessBase"]
[SourceQuality "1"]

{[%evp 27,113,13,12,-38,0,-34,0,0,4,4,14,9,17,14,66,71,61,62,106,30,41,0,72,47,54,33,199,119,166,179,172,181,152,0,0,0,0,0,21,33,31,28,33,29,103,66,104,43,50,0,16,0,132,-26,-26,-12,0,0,0,-77,-79,-77,-77,-63,-57,-73,-63,-147,-72,-78,249,0,0,-670,-672,-669,-654,-572,-587,-666,-662,-593,-249,-249,958,894,29976,29974]} 1. d4 Nf6 2. Bf4 g6 3. e3 Bg7 4. Nf3 O-O 5. Be2 d6 6. O-O Nbd7 7. h3 c5 8. c3 b6 9. Nbd2 Bb7 10. a4 a6 11. Bh2 Ra7 12. Qb3 {A48: 1 d4 Nf6 2 Nf3 g6: Torre, London and Colle Systems} (12. Qb1 Qa8 13. Bd3 cxd4 14. cxd4 Nd5 15. Rc1 Nb4 16. Bf1 Nf6 17. Ra3 Bd5 18. Bc4 Bc6 19. Bf1 Bd5 {1-0 (56) Ivanchuk,V (2713)-Wagner,D (2566) Batumi 2018}) 12... Qa8 13. Rfd1 Ne4 14. Nxe4 Bxe4 {[#] LiveBook: 3 Games} 15. Ng5 $146 ({Predecessor:} 15. d5 Bxf3 16. gxf3 Qb7 17. Ra3 Raa8 18. f4 f5 19. Qc4 Nf6 {0-1 (71) Burmakin,V (2590)-Gopal,G (2544) Benasque 2014}) 15... Bd5 16. Bc4 Bxc4 17. Qxc4 d5 18. Qe2 h6 19. Nf3 Qc6 20. c4 Rc8 (20... e6 $11) 21. cxd5 $1 $14 Qxd5 22. e4 Qb3 23. e5 (23. Rdc1 $16 Raa8 24. Ra3) 23... e6 $11 24. Bf4 g5 (24... cxd4 $11 25. Nxd4 Qb4) 25. Be3 cxd4 26. Bxd4 Nc5 $2 (26... a5 $14) 27. a5 (27. Ra3 $1 $18 {[%cal Ra3b3]} Qd5 28. b4) 27... bxa5 28. Bxc5 $1 (28. Rxa5 $6 Rac7 $16) 28... Rxc5 29. Rd8+ Bf8 30. Rad1 $2 (30. Nxg5 $1 $16 Qc2 31. Qxc2 Rxc2 32. Ne4) 30... Rc2 $36 {[%mdl 2048] Black has some pressure.} 31. Qe4 Rc4 (31... Qxb2 $2 32. Nxg5 $1 {[%mdl 512]} hxg5 33. Qe3 $18) 32. R1d4 Qd1+ 33. Rxd1 Rxe4 34. Re8 Kg7 35. Rdd8 {[%mdl 1024] White has compensation.} Bc5 (35... Be7 $11 36. Rg8+ Kh7 37. Rh8+ Kg6 38. Rdg8+ Kf5) 36. Rg8+ $16 Kh7 37. Rh8+ ({White should play} 37. g4 $16 {Rh8+ would kill now.} f5 38. exf6) 37... Kg6 $14 38. Rdg8+ Kf5 39. Rxh6 {[%csl Ge5][%cal Rh6f6]} Re2 (39... Rb4 $1 $11) 40. Rf6+ $2 ({Worse is} 40. Rxg5+ Ke4 $15) (40. Nxg5 Kxe5 41. Rh5 (41. Nf3+ Kd6 $17) 41... f5 $17) ({White has to play} 40. Rc8 $1 $16 {[%cal Rc8c5]} Rc2 41. Nd4+ Bxd4 42. Rxc2) 40... Ke4 $11 41. Rc8 Kd5 42. Nxg5 Rxb2 43. Nxf7 (43. Rf3 $11 {keeps the balance.}) 43... a4 $1 $17 44. Rd8+ Kc4 45. Rf4+ Kb3 46. Rf3+ Ka2 47. Nd6 (47. Ng5 $15 Be7 48. Rd4 (48. Rg8 Bxg5 49. Rxg5 Rb3 $17) 48... Bxg5 49. Rxa4+ Kb1 50. Rfa3) 47... a3 (47... Rb3 $142 $1 {And now ...Rxf3 would win.} 48. Rf6 a3) 48. Ne4 Bb6 $2 {[%mdl 8192]} (48... Bb4 $17 {...Rb3 is the strong threat.} 49. Nc3+ Bxc3 50. Rxc3 Rab7) 49. Nc3+ $2 (49. Rdd3 $1 $18) 49... Kb3 $11 50. Nb5+ $2 {[%mdl 8192]} (50. Rb8 $2 Kc4 $19) (50. Nd5+ $11 Ka4 51. Rf4+ Ka5 52. Nxb6 Kxb6 53. Ra4) 50... Kb4 $19 51. Nxa7 {Hoping for Nc6+.} Bxd8 {[%mdl 4096] Endgame KRB-KRN} ({And not} 51... Rb1+ 52. Kh2 $11) 52. Nc6+ {[#]} Ka4 $1 {White must now prevent ...a2.} (52... Kb5 $2 53. Nxd8 a2 54. Ra3 $19) 53. Rxa3+ Kxa3 54. Nxd8 Rb6 (54... a5 $142 {Threatens to win with ...a4.} 55. g4 a4) 55. f4 {[%cal Bf2f4,Bf4f5][%mdl 32]} Kb4 $4 {[%mdl 8192] [#]} (55... a5 $19 56. f5 Rb8 57. Nxe6 Kb4) 56. f5 $1 $18 {[%mdl 512]} Rb8 (56... exf5 57. e6) 57. Nc6+ {Precision: White = 41%, Black = 27%.} 1-0

[Event "American Continental-ch 2018"]
[Site "Montevideo"]
[Date "2018.06.03"]
[Round "4"]
[White "Sosa, Tomas"]
[Black "Cordova, Emilio"]
[Result "1/2-1/2"]
[WhiteElo "2453"]
[BlackElo "2621"]
[Annotator "TA"]
[PlyCount "66"]
[EventDate "2018.??.??"]
[EventType "swiss"]
[EventCountry "URU"]
[SourceTitle "playchess.com"]
[Source "ChessBase"]
[SourceQuality "1"]

{[%evp 16,66,43,29,41,26,51,31,20,7,25,24,41,16,22,20,23,27,55,23,59,26,23,21,25,33,37,30,47,29,31,33,50,57,75,78,70,32,52,46,55,13,19,19,18,19,30,30,30,30,30,30,30]} 1. e4 d5 2. exd5 Qxd5 3. Nc3 Qd6 4. d4 Nf6 5. Nb5 (5. a3 c6 6. Bc4 Be6 7. Bxe6 Qxe6+ 8. Nge2 Qd7 9. O-O e6 10. Ng3 Be7 11. Nce4 Nxe4 12. Nxe4 Qd5 {0-1 (38) Mamedov,R (2709)-Carlsen,M (2834) chess.com INT 2018}) 5... Qd8 6. c4 {B01: Scandinavian Defence} c6 7. Nc3 Bf5 8. Nf3 e6 9. Be2 {LiveBook: 8 Games} Bd6 10. Qb3 $146 {And now c5 would win.} ({Predecessor:} 10. h3 Nbd7 11. Be3 h6 12. Qb3 Qb8 {½-½ (68) Maric,D (2254)-Milanovic,D (2531) Belgrade 2010}) 10... Qc8 11. Be3 Nbd7 12. h3 O-O 13. Nh4 Bg6 14. Nxg6 hxg6 15. O-O Re8 16. Rad1 a6 17. Bf3 Qc7 18. Ne4 (18. c5 $5 {[%cal Rc5d6]} Be7 19. Rfe1 $14) 18... Nxe4 19. Bxe4 Nf6 20. Bf3 Qd7 21. Qc3 Rac8 22. Rd3 Qe7 23. Rfd1 Bb8 24. g3 e5 25. dxe5 Bxe5 26. Bd4 Qc7 27. Bxe5 Rxe5 28. Rd8+ Rxd8 29. Rxd8+ Qxd8 30. Qxe5 Qd3 31. Kg2 {White has an edge.} Qxc4 32. Qb8+ Kh7 33. Qxb7 {Strongly threatening b3.} Qxa2 {Precision: White = 39%, Black = 31%.} 1/2-1/2

[Event "American Continental-ch 2018"]
[Site "Montevideo"]
[Date "2018.06.03"]
[Round "4"]
[White "Roselli Mailhe, Bernardo"]
[Black "Cerda Albornoz, Guillermo"]
[Result "1-0"]
[WhiteElo "2433"]
[BlackElo "2195"]
[Annotator "TA"]
[PlyCount "131"]
[EventDate "2018.??.??"]
[EventType "swiss"]
[EventCountry "URU"]
[SourceTitle "playchess.com"]
[Source "ChessBase"]
[SourceQuality "1"]

{[%evp 21,131,64,147,131,137,116,187,156,169,174,194,118,112,93,121,116,132,68,59,57,62,54,62,56,54,50,75,84,79,75,119,103,103,103,103,105,99,103,99,72,72,72,72,72,72,0,16,0,72,72,72,72,75,54,72,27,27,16,16,0,26,11,18,18,20,0,0,0,0,0,0,0,0,0,0,0,7,7,7,7,7,7,8,0,8,0,17,0,2,0,20,25,185,191,185,128,298,260,198,128,1122,1118,1269,1249,1175,1220,29979,29979,29967,29968,29968,29963]} 1. d4 Nf6 2. c4 e6 3. Nf3 Bb4+ 4. Nbd2 O-O 5. a3 Be7 6. e4 d5 7. e5 Ne4 {E11: Bogo-Indian} (7... Nfd7 8. Bd3 c5 9. O-O Nc6 10. Re1 a5 11. Qc2 h6 12. Nb3 dxc4 13. Bxc4 cxd4 14. Qe4 a4 15. Bxh6 axb3 16. Bxg7 Kxg7 17. Qg4+ Kh8 18. Qh5+ Kg7 19. Qg4+ Kh8 20. Qh5+ Kg7 21. Qg4+ {½-½ (21) Vitiugov,N (2740)-Tomashevsky,E (2714) Sochi 2018}) 8. Qc2 f5 9. exf6 Nxf6 10. Bd3 c5 11. dxc5 Bxc5 {LiveBook: 3 Games} (11... a5 $1 $14) 12. O-O Bd6 13. b4 {[%cal Bb2b4,Bb4b5][%mdl 32]} Qe8 $146 (13... a5 $16 {was necessary.}) ({Predecessor:} 13... a5 14. b5 Nbd7 15. Bb2 {1-0 (23) Hebert,J (2402)-Bolduc,S (2233) Montreal 2005}) 14. Bb2 Qh5 15. Rae1 Nc6 16. Be2 (16. b5 $18 Nd8 17. c5) 16... Qh6 $16 17. b5 Ne4 {Strongly threatening ...Nxd2.} 18. g3 Nxd2 19. Qxd2 (19. Nxd2 $16 Ne7 20. c5) 19... Qxd2 $14 20. Nxd2 Na5 21. Bc3 Nxc4 22. Nxc4 dxc4 23. a4 Bc5 24. Bxc4 b6 25. Rd1 Kh8 26. Bd4 Bxd4 27. Rxd4 e5 28. Re4 Bh3 29. Rfe1 Rac8 30. Bf1 Bxf1 31. Kxf1 $16 {[%mdl 4096] Endgame KRR-KRR} Rc2 32. R1e2 Rc1+ 33. Re1 ({White should try} 33. Kg2 $16) 33... Rc2 $11 34. R1e2 ({Better is} 34. R4e2 $11 Rc4 35. Re4 (35. Rxe5 Rxa4 36. Re7 Kg8 $14) 35... Rxe4 36. Rxe4) 34... Rc1+ $16 35. Kg2 Ra1 36. Rc2 h6 37. h4 Kh7 38. h5 Rf5 $1 39. g4 Rf7 40. Rd2 Rf8 41. Rc4 Ra3 42. Re2 Rf7 43. Rce4 g6 44. hxg6+ Kxg6 45. Rxe5 Rxa4 46. f3 Ra3 47. R2e3 (47. Rf2 {feels hotter.} Rf4 48. Rd5 Rb3 49. Rf1 Kg7 50. Rf2) 47... Rxe3 48. Rxe3 $11 {KR-KR} Rc7 49. Re6+ Kg7 50. Re5 Kf6 51. Rf5+ Kg6 52. Kg3 Rc4 53. Rd5 Rb4 54. Rd6+ Kg7 55. Rd5 Ra4 56. f4 {[%cal Bf3f4,Bf4f5][%mdl 32]} a5 $2 (56... Ra3+ $1 $11 57. Kh4 Ra1) 57. Rd7+ $1 $18 Kg8 {[#] intending ...Rb4.} 58. Rd6 (58. Rb7 $1 $18) 58... Ra3+ $2 (58... Kg7 $16 {might work better.} 59. f5 (59. Rxb6 Rb4 $18) 59... Ra3+ 60. Kh4 Ra1 61. Rxb6 a4) 59. Kh4 Kg7 {[#]} 60. Rxb6 ({White should play} 60. Rd7+ $1 $18 Kf8 61. Rd6) 60... Rb3 $2 {[%mdl 8192]} (60... a4 $16 61. f5 Ra2 62. Rg6+ Kh7) 61. f5 a4 62. Rg6+ Kh7 63. Ra6 a3 64. Ra7+ {White mates.} Kg8 65. Kh5 Rxb5 66. Kxh6 {Precision: White = 63%, Black = 41%.} 1-0

[Event "American Continental-ch 2018"]
[Site "Montevideo"]
[Date "2018.06.03"]
[Round "4"]
[White "Campora, Daniel H"]
[Black "Donoso Diaz, Sebastian"]
[Result "0-1"]
[WhiteElo "2424"]
[BlackElo "2184"]
[Annotator "TA"]
[PlyCount "48"]
[EventDate "2018.??.??"]
[EventType "swiss"]
[EventCountry "URU"]
[SourceTitle "playchess.com"]
[Source "ChessBase"]
[SourceQuality "1"]

{[%evp 18,48,-29,-20,0,0,4,-6,-5,-17,-13,-16,-31,-27,37,-31,-40,-51,-39,-45,-44,-31,-37,-318,-311,-316,-322,-316,-306,-370,-370,-1139,-1138]} 1. e4 c5 2. Nf3 d6 3. c3 Nf6 4. Bd3 Nc6 5. O-O g6 6. Re1 {B50: Sicilian: 2...d6, Miscellaneous} Bg7 7. Bf1 (7. Bc2 O-O 8. h3 e5 9. d3 h6 10. a3 Be6 11. b4 b5 12. Be3 cxb4 13. axb4 d5 14. Bc5 Re8 15. Nbd2 a5 16. bxa5 Rxa5 17. Rb1 Qc7 {½-½ (40) Zvjaginsev,V (2649)-Oparin,G (2605) Sochi 2017}) 7... e5 8. a3 O-O 9. d3 d5 10. Nbd2 {LiveBook: 7 Games} Be6 $146 ({Predecessor:} 10... Re8 11. b4 cxb4 12. axb4 {0-1 (65) Garcia Castro,P (2373)-Alsina Leal,D (2503) Villava 2009}) 11. b4 c4 12. dxc4 dxe4 13. Ng5 Bf5 14. Qe2 {[%cal Rd2e4] [#]} e3 $1 {[%cal Re3d2][%mdl 512]} 15. Qxe3 e4 ({Better is} 15... Ng4 $11 16. Qg3 Qxg5) 16. Ndxe4 ({Don't play} 16. Ngxe4 Nxe4 17. Nxe4 Bxe4 $15) (16. h3 $1 $14) 16... Nxe4 $15 17. Nxe4 Bxe4 18. Qxe4 {Black must now prevent Bb2.} Bxc3 19. Bh6 {Threatens to win with b5.} Bxe1 20. Bxf8 $4 {[%mdl 8192] [#]} (20. Qxe1 $15 Re8 21. Be3 (21. Qc3 Qd4 $17)) 20... Bxf2+ $1 $19 {[%mdl 512]} 21. Kxf2 Qf6+ ({Stronger than} 21... Kxf8 22. Re1 $11) 22. Qf3 Qxa1 23. Bc5 Re8 {Strongly threatening ...Nd4.} 24. b5 $2 (24. Kg1) 24... Nd4 {Precision: White = 38%, Black = 63%.} 0-1

[Event "American Continental-ch 2018"]
[Site "Montevideo"]
[Date "2018.06.03"]
[Round "4"]
[White "Escalante Ramirez, Brian Sebasti"]
[Black "Liang, Awonder"]
[Result "1/2-1/2"]
[WhiteElo "2422"]
[BlackElo "2571"]
[Annotator "TA"]
[PlyCount "118"]
[EventDate "2018.??.??"]
[EventType "swiss"]
[EventCountry "URU"]
[SourceTitle "playchess.com"]
[Source "ChessBase"]
[SourceQuality "1"]

{[%evp 22,118,0,0,0,0,16,8,8,5,10,11,20,37,47,11,12,14,66,57,64,50,50,56,56,45,41,43,81,79,92,91,152,124,314,322,358,370,320,324,319,205,277,193,438,358,341,352,333,327,330,304,542,547,583,128,134,136,145,145,154,123,135,129,150,151,151,151,151,151,163,92,104,92,100,8,8,0,8,0,0,0,0,0,0,0,0,0,0,0,0,0,0,-8,0,0,0,0,0]} 1. e4 e5 2. Nf3 Nc6 3. Bc4 Bc5 4. c3 Nf6 5. d3 d6 6. Nbd2 O-O 7. O-O Bb6 8. h3 {C54: Giuoco Piano: 4 c3 Nf6, main lines with 5 d4 and 5 d3} Ne7 9. Bb3 c6 10. Re1 Ng6 11. d4 exd4 (11... Re8 12. Bc2 h6 13. Nf1 d5 14. exd5 e4 15. Ne5 cxd5 16. Nxg6 fxg6 {0-1 (41) Volokitin,A (2628)-Aronian,L (2805) Riadh 2017}) 12. cxd4 {LiveBook: 3 Games} d5 13. exd5 cxd5 14. Nb1 $146 ({Predecessor:} 14. Nf1 Ne4 {0-1 (37) Cartagena,O (2440)-Ziatdinov,R (2511) San Francisco 1999}) 14... Ne4 15. Nc3 Ba5 $1 16. Re3 ({Of course not} 16. Nxd5 Bxe1 17. Nxe1 Be6 $15) 16... Nxc3 17. bxc3 Be6 18. Ng5 Qxg5 {[#]} 19. Rxe6 $1 {[%mdl 512]} Qf5 ({Black should try} 19... Nf4 $11 20. Bxf4 Qxf4) (19... fxe6 20. Bxg5) 20. Re3 $14 Rfe8 21. c4 dxc4 22. Bxc4 Rxe3 23. Bxe3 Rd8 24. Rb1 {And now Rb5 would win.} Bb6 25. Rb5 Qe4 {[%cal Rb6d4]} 26. Qb3 Rd7 (26... Nf4 $142 27. Bxf7+ Kf8) 27. a4 $1 $36 {[%mdl 2048] Keeping Black busy.} Qc6 $2 (27... Nh4 $16 28. Bd5 Qe7) 28. d5 $18 Qf6 29. Bxb6 axb6 30. Rxb6 Qd4 31. Bf1 h6 32. Rxb7 Rxd5 $2 (32... Rxb7 33. Qxb7 Qxa4) 33. Bc4 Qd1+ 34. Qxd1 Rxd1+ {[%mdl 4096] Endgame KRB-KRN} 35. Kh2 Ne5 36. Bb3 Rf1 $2 (36... Ra1 37. f4 Nc6 38. Rxf7 Ra3) 37. Re7 Re1 38. Kg3 $2 (38. Re8+ $18 {is the precise move to win.} Kh7 39. Bxf7 $1 {[%mdl 512]}) 38... g5 39. a5 {[%cal Ba4a5,Ba5a6][%mdl 32]} Kf8 {[#]} 40. Ra7 $1 Ra1 41. Bd5 Rd1 42. Be4 Rd4 43. f3 Kg7 44. a6 Ra4 45. Ra8 Ng6 46. Kf2 (46. Bxg6 $18 Kxg6 47. Kf2) 46... Nf4 $16 47. g3 Nxh3+ 48. Ke3 (48. Kg2 $16 g4 49. Bd5 (49. fxg4 Rxe4 50. Kxh3 Re2 $16)) 48... h5 $11 {The position is equal.} 49. Bc6 Ra1 50. Bd7 Ra3+ 51. Kd4 Nf2 52. Bc6 h4 53. gxh4 gxh4 54. Kc4 h3 {...h2 is the strong threat.} 55. f4 h2 {aiming for ...Ne4!} 56. a7 f5 57. Bg2 h1=Q 58. Bxh1 Nxh1 59. Kb5 Ng3 {Precision: White = 60%, Black = 51%.} 1/2-1/2

[Event "American Continental-ch 2018"]
[Site "Montevideo"]
[Date "2018.06.03"]
[Round "4"]
[White "Slipak, Sergio"]
[Black "Madeira, Wagner Martins"]
[Result "1-0"]
[WhiteElo "2420"]
[BlackElo "2171"]
[Annotator "TA RC"]
[PlyCount "77"]
[EventDate "2018.??.??"]
[EventType "swiss"]
[EventCountry "URU"]
[SourceTitle "playchess.com"]
[Source "ChessBase"]
[SourceQuality "1"]

{[%evp 16,77,39,18,38,0,23,33,55,43,62,46,79,58,116,78,81,72,78,54,58,50,114,108,114,112,111,99,108,39,252,248,238,225,241,241,322,343,319,303,393,386,412,420,409,411,423,304,253,263,284,262,272,152,160,145,351,361,355,355,970,969,906,879]} 1. d4 Nf6 2. Nf3 g6 3. c4 Bg7 4. Nc3 O-O 5. Bg5 h6 6. Bh4 d6 7. e3 Nbd7 8. Qc2 c6 {E61: King's Indian: Early deviations for White, including Smyslov System} (8... g5 9. Bg3 Nh5 10. Be2 e6 11. Nd2 Nxg3 12. hxg3 f5 13. g4 Nf6 14. gxf5 exf5 15. Nb3 c6 16. Bd3 {½-½ (70) Kazakov,M (2520)-Tabatabaei,M (2509) Krakow 2017}) 9. Rd1 {LiveBook: 10 Games} a6 10. b4 $146 ({Predecessor:} 10. a3 Qc7 11. Be2 e5 12. O-O Re8 13. dxe5 dxe5 14. Nd2 Nf8 15. b4 Bf5 16. Qb3 {½-½ (60) Holemar,D (2288)-Skinke,K (2175) Brno 2007}) 10... b6 {The position is equal.} 11. Be2 Bb7 12. O-O Qc7 13. Nd2 Rae8 14. Nb3 e5 ({Better is} 14... c5 $14) 15. Bg3 c5 16. bxc5 bxc5 17. d5 Nh7 18. e4 f5 (18... Rb8 $14) 19. exf5 $16 gxf5 20. Bh5 Re7 21. Bg6 $36 {[%mdl 2048] Keeping Black busy.} e4 22. f3 (22. Bxf5 $16 Rxf5 23. Nxe4) 22... e3 $2 (22... Bxc3 $14 23. Qxc3 e3 24. Bxh7+ Kxh7) 23. Ne2 $18 (23. Bxf5 Rxf5 24. Qxf5 Bxc3 $16) 23... Ne5 24. Bxe5 Bxe5 25. f4 Bh8 26. Bxf5 Bc8 27. Bxc8 Qxc8 28. Qg6+ Rg7 29. Qe6+ Rgf7 30. Qxd6 Qg4 31. Rf3 {Black must now prevent Rg3.} Ng5 32. Rxe3 (32. fxg5 Rxf3 33. Re1 (33. Nxc5 Rf2 $17) 33... Rf2 $11) 32... Rxf4 33. h3 (33. Nxc5 {is a self mate.} Nh3+ $1 {[%mdl 512]} 34. Rxh3 Bd4+ 35. Kh1 Rf1+ 36. Ng1 Rxd1 37. Qe6+ Qxe6 38. Rg3+ Kh8 39. h4 Qe1 40. Kh2 Qxg1+ 41. Kh3 Qf2 42. Nxa6 Rh1+ 43. Kg4 Qf5#) (33. Qxh6 Bg7 $16) (33. Qxa6 $2 R4f6 $19) 33... Nxh3+ 34. Rxh3 (34. Kh2 $18 R8f6 35. Re8+ Kh7 36. Re7+ (36. Qxc5 Rg6 $19) 36... Kg8 37. Qd7 (37. Qxc5 $2 Rf2 $19) 37... Qxd7 38. Rxd7) 34... Qxe2 $16 {[#]} 35. Rg3+ $1 Bg7 $2 (35... Rg4 $16 36. Rxg4+ Qxg4 37. Qe6+ Qxe6 38. dxe6 Rc8) 36. Qe6+ $18 Qxe6 37. dxe6 {[%cal Bd5e6,Be6e7][%mdl 32]} Kh8 $2 (37... R8f5 38. Rd8+ Kh7) 38. e7 Rg8 39. Re3 {Precision: White = 67%, Black = 34%.} 1-0

[Event "American Continental-ch 2018"]
[Site "Montevideo"]
[Date "2018.06.03"]
[Round "4"]
[White "Thavandiran, Shiyam"]
[Black "Henriquez Villagra, Cristobal"]
[Result "1-0"]
[WhiteElo "2417"]
[BlackElo "2518"]
[Annotator "TA"]
[PlyCount "119"]
[EventDate "2018.??.??"]
[EventType "swiss"]
[EventCountry "URU"]
[SourceTitle "playchess.com"]
[Source "ChessBase"]
[SourceQuality "1"]

{[%evp 14,119,53,32,38,28,42,41,53,39,44,31,37,37,50,35,39,42,35,33,64,22,75,61,95,87,87,95,91,-2,0,-2,-1,-13,-13,-16,-14,-12,-11,-14,0,-2,0,0,0,-5,-4,-16,0,0,0,0,0,-43,16,13,38,45,37,31,55,29,39,3,27,0,8,0,0,0,8,4,15,0,14,14,37,0,50,16,91,87,80,75,177,183,200,197,200,193,276,276,276,270,309,301,239,231,463,441,454,452,1725,1709,1599,1595,1512,1491]} 1. e4 c6 2. d4 d5 3. Nd2 dxe4 4. Nxe4 Nd7 5. Bc4 e6 6. Nf3 Ngf6 7. Nxf6+ Nxf6 8. Qe2 {LiveBook: 13 Partien. B17: Caro-Kann-Verteidigung} (8. O-O Be7 9. Qe2 O-O 10. Bf4 b6 11. Rfe1 Nd5 12. Be5 Bb7 13. Rad1 Bd6 14. Bd3 Bxe5 15. dxe5 Qe7 16. Qe4 g6 17. a3 c5 18. Qg4 {½-½ (37) Guseinov,G (2659)-Arun Prasad,S (2552) Dubai 2009}) 8... Bd6 9. Bg5 Qc7 10. O-O {Weiß steht etwas besser.} Ng4 {[%cal Rd6h2]} 11. h3 h6 12. Bd2 Nf6 $146 ({Vorgänger:} 12... Nh2 13. Rfe1 Nxf3+ 14. Qxf3 O-O 15. Rad1 Re8 16. Qh5 {1-0 (34) Salm,M-Poder,W Australia 1955}) 13. Rfe1 O-O 14. Ne5 c5 15. dxc5 Qxc5 {zielt auf ...Lxe5 ab.} 16. Bd3 Rd8 17. Rad1 Bd7 (17... Qxe5 $11 18. Qxe5 Bxe5 19. Rxe5 b6) 18. Ng4 $16 {Und weiter mit Sxf6+ wäre nett.} Nxg4 19. Qxg4 h5 20. Qe4 g6 21. Bc3 ({Besser ist} 21. Qxb7 $16 Bc6 22. Qb3) 21... Bc6 $11 22. Qh4 Be7 $36 {[%cal Bd6e7,Be7g5,Bg5d2][%mdl 2080] Schwarz hat gut koordiniertes Spiel.} 23. Qf4 Qg5 24. Qxg5 Bxg5 25. Be5 Rd7 26. Be2 Bd2 27. Rf1 Kf8 28. Bf6 Ke8 29. Bd3 Bb4 30. Be2 Bd2 31. g4 hxg4 32. hxg4 Rc8 33. f3 Be3+ (33... Ba4 $15) 34. Kg2 Ba4 35. Rxd7 Kxd7 36. Rd1+ Kc7 37. b3 (37. Rd3 {seems wilder.} Bc1 38. Kg3 Bc6 39. f4 g5 40. fxg5 Rg8 41. Bf3) 37... Bc6 38. Rh1 Kd6 39. Rh7 Rc7 40. Rh8 Rd7 41. Bd3 Kc5 42. a3 {Schwarz muss nun b4+ beachten.} a6 43. Kg3 Bc1 44. a4 Be3 45. Bc3 Kd6 46. Rh1 f5 (46... e5 $11 {hält das Gleichgewicht.}) 47. Re1 $16 Rf7 48. f4 Bc5 {[#]} (48... Ba7 $16) 49. b4 $1 $18 {[%cal Rb4c5]} Ba7 50. b5 axb5 51. axb5 Bd7 (51... Bd5 {ist eine bessere Verteidigung.} 52. Be5+ Ke7) 52. Be5+ Ke7 53. Rh1 Be8 54. c4 Bc5 {[#]} 55. g5 $1 Rf8 $2 (55... Kd8 {kämpft weiter.} 56. Be2 Rd7) 56. Be2 {Weiß steht klar auf Gewinn.} Bf7 57. Bf3 b6 (57... Ra8 $142 58. Bxb7 Ra3+ 59. Kg2 Ra2+ 60. Kf3 Rf2+ 61. Kg3 Rd2) 58. Bf6+ Kd7 59. Bc6+ Kc7 60. Ra1 {Precision: Weiß = 59%, Schwarz = 41%.} 1-0